| 000 | 00684nam a2200157 a 4500 | ||
|---|---|---|---|
| 008 | 120416s1975 ||||||||||||||||| || u | ||
| 050 | _aPN 1993.V6 Skl | ||
| 100 | _aSklar, Robert | ||
| 245 | 1 | 0 | _aMovie-made America |
| 246 | _aa social history of American movies | ||
| 260 |
_aNew York _bRandom House _c1975 |
||
| 300 | _ax, 340p. : ill. | ||
| 350 | _a0.00 | ||
| 995 |
_aANNEX COLLECTION (Main Library) _D0.00 _e719436 _FCBU-MAIN LIBRARY (Kitwe) _H1 _I13.95 _jPN 1993.V6 Skl _M1 _UAVAILABLE _y010815 _ZAnnex Low-Usage Collection |
||
| 995 |
_aANNEX COLLECTION (Main Library) _D0.00 _e719435 _FCBU-MAIN LIBRARY (Kitwe) _H2 _I13.95 _jPN 1993.V6 Skl _M2 _UAVAILABLE _y010816 _ZAnnex Low-Usage Collection |
||
| 999 |
_c78657 _d78657 |
||